000 00607nam a2200229Ia 4500
003 OSt
005 20220928140642.0
006 a|||||r|||| 00| 0
007 ta
008 220927b |||||||| |||| 00| 0 eng d
024 _a10487
037 _cTextual
040 _aSDCL
_cSDCL
_beng
041 _2eng
_aeng
082 _aX:78, P4
100 _aBhargava Mahesh
_9476696
245 0 _aHuman behaviour and organisational excellence
260 _c2004
700 _a Aurora Saroj Ed.
_9496606
942 _hX:78, P4
_cTEXL
_2CC
999 _c813000
_d813000